000 01195nam a22002297a 4500
003 NALT
005 20220401143500.0
008 s2539 th tha d
020 _a9746364863
040 _aNALT
041 _atha
090 _aKS 104.C6
_bก244ก 2539
100 0 _aกริชผกา บุญเฟื่อง
_957565
245 1 0 _aการละเมิดลิขสิทธิ์ในโปรแกรมคอมพิวเตอร์ /
_cกริชผกา บุญเฟื่อง.
260 _aกรุงเทพฯ :
_bจุฬาลงกรณ์มหาวิทยาลัย,
_c2539
300 _a193 หน้า :
_bภาพประกอบ ;
_c30 ซม.
650 0 4 _aโปรแกรมคอมพิวเตอร์ -- การละเมิดลิขสิทธิ์ -- วิจัย
650 0 4 _aโปรแกรมคอมพิวเตอร์ -- การคุ้มครอง -- แง่กฎหมาย
650 0 4 _aลิขสิทธิ์ -- กฎหมายและระเบียบข้อบังคับ -- วิจัย
850 _aNALT
942 _cRSH
_2local
999 _c47345
_d47345
998 _j109
_k อารีรัตน์ วิชาช่าง